000 00840nam0a2200253 4500
001 RU\NLR\bibl\1685854
005 20250616052918.0
021 _aRU
_b2010-68689
_94523
035 _a(NLR Aleph) 001677027
090 _a1077441
_c1077441
100 _a20101013d2011 |||y0rusy50 ca
101 0 _arus
102 _aRU
105 _ay |||||||||
200 1 _aЕГЭ 2011. Русский язык. Рекомендации по подготовке к ЕГЭ. Части А, В, С
210 _aМосква
_cДрофа
_d2011
215 _d21
225 1 _aГотовимся к ЕГЭ
700 1 _aПавлова
_bС. А.
_4070
801 0 _aRU
_bNLR
_c20101013
_gRCR
801 1 _aRU
_bNLR
_c20101013
942 _cBOOK
980 _aNB